00302nam a2200121Ia 45000030006000000080041000060400015000471000014000622450066000762600009001425460012001510050017001630STCL150530s9999 xx 000 0 und d aSTCLcSTCL aBabu,C.J. aThermal Physics Statistical Mechanics and Solid State Physics c2002 aEnglish20220125170135.0